000 00551nab a2200157 4500
003 ES-SlBCS
005 20221209090059.0
008 150318s2015 sp ||||| |||| 00| 0 spa d
040 _aES-SlBCS
_bspa
100 1 _aÁlvarez de los Mozos, Patxi
_970697
245 1 0 _aCon la mirada fija en el pobre
_cPatxi Álvarez de los Mozos, SJ
246 1 1 _aNever losing sight of the poor
600 0 0 _aFrancisco,
_cPapa
_xCrítica e interpretación
_9125136
773 0 _gVol. 103, Nº 1.198, 2015, págs. 219-231
_tSal Terrae
_wRev410
_x1138-1094
942 _2lcc
_cAR
999 _c851383
_d851383